[Event "IND-ch U15"]
[Site "Mumbai"]
[Date "2009.11.02"]
[Round "2"]
[White "Benadikar, Shashank D"]
[Black "Narayanan, Srinath"]
[Result "0-1"]
[WhiteElo "1872"]
[BlackElo "2370"]
[PlyCount "60"]
[EventDate "2009.11.01"]
[EventType "swiss"]
[EventRounds "11"]
[EventCountry "IND"]
[SourceTitle "EXT 2011"]
[Source "ChessBase"]
[SourceDate "2010.11.26"]
[SourceVersion "1"]
[SourceVersionDate "2010.11.26"]
[SourceQuality "1"]

1. e4 e5 2. Nf3 Nc6 3. Bb5 a6 4. Ba4 Nf6 5. 0-0 Bc5 6. d3 b5 7. Bb3 d6 8. c3 0-0 9. Nbd2 h6 10. a4 Rb8 11. h3 Bb6 12. Re1 Re8 13. Nf1 Ne7 14. Be3 c5 15. Ng3 Ng6 16. Qd2 Be6 17. Bxe6 fxe6 18. d4 exd4 19. cxd4 Ba5 20. Qc2 Bxe1 21. e5 cxd4 22. Rxe1 dxe3 23. Qxg6 exf2+ 24. Kxf2 dxe5 25. Rxe5 Qb6+ 26. Kf1 Qc7 27. Re2 bxa4 28. Ne4 Nxe4 29. Qxe4 Qc1+ 30. Kf2 Rxb2 0-1